00328 2200133 4500001002100000005001500021035002000036245005300056260003900109082000800148084001200156990001300168990001300181INLIS00000000000256920250605115526 a0010-0625000155 aPemecah Record ; Tempat Bersejarah /cNeil Grant aJakarta :bPT. Mandiri Jaya,c1994 a600 a600 PEM a04201018 a04201019